[Event "GER-chT Federal Cup (Women)"]
[Site "Braunfels"]
[Date "2014.06.21"]
[Round "4.2"]
[White "Dengler, Dijana"]
[Black "Storkebaum, Ulrike"]
[Result "1-0"]
[WhiteElo "2060"]
[BlackElo "1769"]
[PlyCount "125"]
[EventDate "2014.06.19"]
[EventType "team-swiss"]
[EventRounds "5"]
[EventCountry "GER"]
[SourceTitle "EXT 2015"]
[Source "ChessBase"]
[SourceDate "2014.11.20"]
[SourceVersion "1"]
[SourceVersionDate "2014.11.20"]
[SourceQuality "1"]
[WhiteTeam "Bayern (W)"]
[BlackTeam "Rheinland Pfalz (W)"]
[WhiteTeamCountry "GER"]
[BlackTeamCountry "GER"]

1. d4 Nf6 2. Nf3 g6 3. c4 Bg7 4. Nc3 d6 5. Bg5 0-0 6. e3 a5 7. Be2 Na6 8. a3 c5 9. d5 Nc7 10. 0-0 h6 11. Bh4 g5 12. Bg3 Bf5 13. Nd2 Bg6 14. h4 gxh4 15. Bxh4 Qd7 16. e4 e6 17. a4 exd5 18. cxd5 Nh7 19. Ra3 f5 20. Nc4 fxe4 21. Nb6 Qf7 22. Nxa8 Rxa8 23. Rb3 Ne8 24. Bg4 Kh8 25. Be6 Qf4 26. Bg3 Qg5 27. Qg4 e3 28. Qxg5 exf2+ 29. Bxf2 Nxg5 30. Rxb7 Bd3 31. Re1 Be5 32. Nd1 c4 33. Nc3 Ng7 34. Bg4 Kg8 35. Be2 Bxe2 36. Rxe2 Nf5 37. Rc7 Nd4 38. Bxd4 Bxd4+ 39. Kh1 Rf8 40. Rxc4 Rf1+ 41. Kh2 Be5+ 42. g3 Rf3 43. Rg4 Kf7 44. Kg2 Rd3 45. Rf2+ Ke7 46. Re2 Kd7 47. Rc2 Bxc3 48. bxc3 Rxd5 49. c4 Rd3 50. c5 d5 51. c6+ Kc7 52. Rh4 Nf3 53. Rh1 Ra3 54. Rf2 Ng5 55. Rxh6 Rxa4 56. Rg6 d4 57. Rxg5 d3 58. Rd2 Kxc6 59. Rxd3 Ra2+ 60. Kh3 a4 61. Rf3 Kd6 62. Rf6+ Ke7 63. Ra6 1-0

[Event "GER-chT Federal Cup (Women)"]
[Site "Braunfels"]
[Date "2013.05.31"]
[Round "3.8"]
[White "Neumann, Ramona"]
[Black "Storkebaum, Ulrike"]
[Result "0-1"]
[WhiteElo "1717"]
[BlackElo "1847"]
[PlyCount "104"]
[EventDate "2013.05.30"]
[EventType "team-swiss"]
[EventRounds "5"]
[EventCountry "GER"]
[SourceTitle "EXT 2014"]
[Source "ChessBase"]
[SourceDate "2013.11.20"]
[SourceVersion "1"]
[SourceVersionDate "2013.11.20"]
[SourceQuality "1"]
[WhiteTeam "Hamburg (W)"]
[BlackTeam "Hessen (W)"]
[WhiteTeamCountry "GER"]
[BlackTeamCountry "GER"]

1. e4 e5 2. Nf3 Nc6 3. Bc4 Nf6 4. d3 Bc5 5. c3 0-0 6. 0-0 d6 7. b4 Bb6 8. a4 a5 9. b5 Ne7 10. Be3 c5 11. bxc6 bxc6 12. Bxb6 Qxb6 13. Nbd2 Bg4 14. Qc2 d5 15. exd5 cxd5 16. Bb5 Ng6 17. Rfe1 Qd6 18. h3 Bd7 19. c4 Rfc8 20. Qb2 Re8 21. cxd5 Qxd5 22. Bc4 Qd6 23. Ne4 Nxe4 24. dxe4 Rab8 25. Qa2 Qf6 26. Nd2 Nf4 27. Re3 h5 28. Nb3 h4 29. Kh1 Rb4 30. Bb5 Bxb5 31. axb5 Rxb5 32. Nxa5 Ra8 33. Ra3 Qg6 34. Rg1 Qxe4 35. f3 Qf5 36. Rb1 Rab8 37. Rab3 Rxb3 38. Nxb3 Nxh3 39. Nc5 Nf4 40. Ne4 h3 41. g4 Qe6 42. Qc2 Rc8 43. Qh2 f6 44. Nf2 Qc6 45. Qg3 Qc3 46. Rf1 Kf7 47. Ne4 Qd3 48. Re1 Rc2 49. Nf2 Qd2 50. Rf1 Qe2 51. Kg1 h2+ 52. Qxh2 Qxf3 0-1

[Event "Bad Harzburg op 13th"]
[Site "Bad Harzburg"]
[Date "2012.11.03"]
[Round "7.13"]
[White "Leidorf, Sebastian"]
[Black "Storkebaum, Ulrike"]
[Result "1-0"]
[WhiteElo "2051"]
[BlackElo "1857"]
[PlyCount "75"]
[EventDate "2012.10.30"]
[EventType "swiss"]
[EventRounds "8"]
[EventCountry "GER"]
[SourceTitle "EXT 2022"]
[Source "ChessBase"]
[SourceDate "2021.10.06"]
[SourceVersion "1"]
[SourceVersionDate "2021.10.06"]
[SourceQuality "1"]

1. c4 e5 2. g3 Nf6 3. Bg2 Nc6 4. Nc3 d6 5. e4 Be6 6. d3 Be7 7. Nge2 0-0 8. f4 Bg4 9. h3 Bxe2 10. Nxe2 Nd7 11. 0-0 exf4 12. Nxf4 Nde5 13. a3 Qd7 14. b3 Ng6 15. Nd5 Rab8 16. a4 a5 17. Bd2 b6 18. Bc3 Rbe8 19. Kh2 Bd8 20. h4 f6 21. Bh3 Qf7 22. Qe2 Nge5 23. d4 Nd7 24. Qg4 Ncb8 25. Rae1 Qg6 26. Qf3 Kh8 27. h5 Qf7 28. e5 dxe5 29. dxe5 Nc5 30. exf6 g6 31. hxg6 hxg6 32. Bd4 Ne6 33. Bxe6 Rxe6 34. Rxe6 Qxe6 35. f7+ Kh7 36. Kg2 Bg5 37. Rh1+ Bh6 38. Nf6+ 1-0

[Event "Bad Harzburg op 13th"]
[Site "Bad Harzburg"]
[Date "2012.11.01"]
[Round "4"]
[White "Storkebaum, Ulrike"]
[Black "Mueller, Wolfgang"]
[Result "0-1"]
[WhiteElo "1857"]
[BlackElo "1932"]
[PlyCount "148"]
[EventDate "2012.10.30"]
[EventType "swiss"]
[EventRounds "8"]
[EventCountry "GER"]
[SourceTitle "EXT 2014"]
[Source "ChessBase"]
[SourceDate "2013.11.20"]
[SourceVersion "1"]
[SourceVersionDate "2013.11.20"]
[SourceQuality "1"]

1. e4 e6 2. d4 d5 3. exd5 exd5 4. Nf3 Nc6 5. Bd3 Bd6 6. 0-0 Bg4 7. c3 Nge7 8. Re1 Qd7 9. Nbd2 0-0-0 10. b4 Ng6 11. b5 Nce7 12. a4 Nf4 13. Nf1 Nxd3 14. Qxd3 Bf5 15. Qe2 f6 16. Ng3 Bg6 17. Ba3 Nf5 18. Nxf5 Bxa3 19. Rxa3 Bxf5 20. Raa1 Rhe8 21. Qd2 g5 22. Re3 Rxe3 23. Qxe3 Re8 24. Qd2 h5 25. Re1 b6 26. Kf1 h4 27. Re3 Rxe3 28. fxe3 Qd6 29. Qa2 Bd3+ 30. Kg1 Qe6 31. Qf2 h3 32. g3 a6 33. Ne1 Bc4 34. bxa6 Bxa6 35. Nc2 Bc4 36. Qf3 g4 37. Qf4 Bb3 38. Nb4 Qe4 39. Qxe4 dxe4 40. Kf2 Kb7 41. d5 Bxa4 42. Ke2 Bb5+ 43. Kd2 Bc4 44. Kc2 b5 45. Kd2 Kb6 46. d6 cxd6 47. Nc2 Kc5 48. Nd4 Bf7 49. Nf5 Be6 50. Nd4 Bd7 51. Nb3+ Kb6 52. Nd4 Ka5 53. Nb3+ Ka4 54. Nd4 b4 55. cxb4 Kxb4 56. Nc2+ Kb3 57. Nd4+ Kc4 58. Ne2 d5 59. Nd4 f5 60. Ne2 Bc8 61. Ke1 Kd3 62. Kf2 Kd2 63. Nd4 Bd7 64. Nb3+ Kc3 65. Nd4 Bc8 66. Ne2+ Kd2 67. Nd4 f4 68. gxf4 g3+ 69. Kxg3 Kxe3 70. Nc6 d4 71. Ne7 d3 72. Nd5+ Kd4 73. Ne7 d2 74. Nxc8 d1Q 0-1

[Event "Karl Mala Memorial op 15th"]
[Site "Frankfurt"]
[Date "2012.07.08"]
[Round "7"]
[White "Roehlich, Dirk"]
[Black "Storkebaum, Ulrike"]
[Result "1/2-1/2"]
[WhiteElo "2012"]
[BlackElo "1845"]
[PlyCount "43"]
[EventDate "2012.07.05"]
[EventType "swiss"]
[EventRounds "7"]
[EventCountry "GER"]
[SourceTitle "CBM 149 Extra"]
[Source "ChessBase"]
[SourceDate "2012.08.24"]
[SourceVersion "1"]
[SourceVersionDate "2012.08.24"]
[SourceQuality "1"]

1. e4 e5 2. Nf3 Nc6 3. Bc4 Nf6 4. Ng5 d5 5. exd5 Na5 6. Bb5+ c6 7. dxc6 bxc6 8. Bd3 h6 9. Ne4 Nd5 10. 0-0 Be7 11. Re1 0-0 12. Nbc3 f5 13. Ng3 Bd6 14. Bf1 Nb7 15. d4 Nxc3 16. bxc3 e4 17. Bc4+ Kh7 18. Rb1 Na5 19. Bf1 Be6 20. a4 Qc7 21. Qh5 Qf7 22. Qxf7 1/2-1/2

[Event "Karl Mala Memorial op 15th"]
[Site "Frankfurt"]
[Date "2012.07.06"]
[Round "3"]
[White "Storkebaum, Ulrike"]
[Black "Penzel, Nils"]
[Result "1-0"]
[WhiteElo "1845"]
[BlackElo "2152"]
[PlyCount "99"]
[EventDate "2012.07.05"]
[EventType "swiss"]
[EventRounds "7"]
[EventCountry "GER"]
[SourceTitle "CBM 149 Extra"]
[Source "ChessBase"]
[SourceDate "2012.08.24"]
[SourceVersion "1"]
[SourceVersionDate "2012.08.24"]
[SourceQuality "1"]

1. e4 e6 2. d4 d5 3. exd5 exd5 4. Nf3 Bd6 5. Bd3 Bg4 6. 0-0 Nc6 7. c3 Nge7 8. h3 Bh5 9. Re1 Qd7 10. Nbd2 f6 11. b4 0-0-0 12. b5 Nb8 13. a4 g5 14. c4 Bb4 15. Qb3 Ba5 16. Ba3 Rde8 17. Bxe7 Bxf3 18. Bb4 Bxb4 19. Qxb4 dxc4 20. Qxc4 Bd5 21. Qc2 Qd6 22. Rac1 Nd7 23. a5 Kd8 24. Be4 Nf8 25. b6 axb6 26. axb6 c6 27. Ra1 Ne6 28. Ra8+ Ke7 29. Rxe8+ Rxe8 30. Bxd5 Qxd5 31. Qxh7+ Kf8 32. Nf3 Re7 33. Qh6+ Kf7 34. Qh8 Qa5 35. Qh7+ Ke8 36. Qg6+ Kd7 37. Qxf6 Qxb6 38. Ne5+ Ke8 39. Qg6+ Kd8 40. Nf7+ Kd7 41. Ne5+ Kd8 42. Ra1 Qxd4 43. Ra8+ Kc7 44. Qf5 Qd1+ 45. Kh2 Qd5 46. Qf6 Qd6 47. g3 Nd4 48. Rc8+ Kxc8 49. Qxd6 Rxe5 50. Qxd4 1-0